000 00604nam a2200193 a 4500
001 000010004
005 20240412074214.0
008 091002s1913 dr 000 p spa d
040 _aDO-SdBNP
_bspa
_cBNPHU
082 _aRD861.42
_bP438f
100 1 _aPérez Alfonseca, Ricardo
_924948
245 1 0 _aFinis patria /
_cRicardo Pérez Alfonseca.
260 _aSanto Domingo de Guzmán :
_bViuda de Roques,
_c1913.
300 _a28 p. ;
_c20 cm.
590 _aInventariado, 2018/VM
650 0 _aPoesía dominicana
_966
650 0 _aLiteratura dominicana.
_967
910 _aValidado. Control de calidad BNPHU
999 _c9763
_d9763